Flagi państw z 2018 FIFA Mundial - Statystyki

Ogólne statystyki
  • Ten quiz został rozwiązany 63 razy
  • Średni wynik to 30 z 32
Statystyki odpowiedzi
Obrazkowy Odpowiedź % Poprawnych
Rosja
100%
Francja
98%
Niemcy
98%
Polska
97%
Portugalia
97%
Serbia
97%
Anglia
95%
Belgia
95%
Chorwacja
95%
Dania
95%
Hiszpania
95%
Szwajcaria
95%
Szwecja
95%
Islandia
93%
Maroko
93%
Nigeria
93%
Tunezja
93%
Arabia Saudyjska
91%
Argentyna
91%
Brazylia
91%
Egipt
91%
Japonia
91%
Korea Południowa
91%
Meksyk
91%
Senegal
91%
Urugwaj
91%
Australia
90%
Iran
90%
Kolumbia
90%
Kostaryka
90%
Panama
90%
Peru
88%
Nie znaleziono quizów pasujących do podanych kryteriów
Rozkład punktacji
Procent ludzi z każdym wynikiem
Percentyl według liczby udzielonych odpowiedzi
Twoja historia wyników
Nie rozwiązałeś tego quizu